Brand asset management :driving profitable growth through your brands (Record no. 1256004)

MARC details
000 -LEADER
fixed length control field 00588nam a2200193Ia 4500
005 - DATE AND TIME OF LATEST TRANSACTION
control field 20250317124547.0
008 - FIXED-LENGTH DATA ELEMENTS--GENERAL INFORMATION
fixed length control field 008 250317s9999 xx 000 0 eng d
020 ## - INTERNATIONAL STANDARD BOOK NUMBER
International Standard Book Number 0-7879-5077-7
040 ## - CATALOGING SOURCE
Original cataloging agency FMSL
Language of cataloging eng
Transcribing agency FMSL
041 ## - LANGUAGE CODE
Language code of text/sound track or separate title eng
Source of code eng
084 ## - COLON CLASSIFICATION NUMBER
Classification number X:513 P0;1
Assigning agency FMSL
100 ## - MAIN ENTRY--PERSONAL NAME
Personal name Davis S M
9 (RLIN) 691741
245 #0 - TITLE STATEMENT
Title Brand asset management :driving profitable growth through your brands
260 ## - PUBLICATION, DISTRIBUTION, ETC.
Place of publication, distribution, etc. San Francisco
Name of publisher, distributor, etc. San Francisco, Jossey-Bass Inc
Date of publication, distribution, etc. 2000
300 ## - PHYSICAL DESCRIPTION
Extent 265p
942 ## - ADDED ENTRY ELEMENTS (KOHA)
Koha item type Textbook
Classification part X:513 P0;1

No items available.

Copyright @ Delhi University Library System